000 004550000a22001810004500
003 MACL
005 20150708115826.0
008 150708b xxu||||| |||| 00| 0 eng d
040 _aMACL
_cMACL
041 _aEnglish
082 _a320/AZA
100 _aAzam, Kousar J.
_91365
245 _aPolitical AspectsOf National Integration
260 _bMeenakshi Prakashan
_aNew Delhi
350 _a50
650 _aPolitical Science
_988
942 _cBK
_k320
_2ddc
999 _c5649
_d5649